Нормален изглед
MARC изглед
- Химическа промишленост - Техника на безопасността
Вход 09. Предметна рубрика
001 - Контролен номер на записа
- Контролно поле: 424297
003 - Код на организацията, даваща контролен номер
- Контролно поле: BLK
005 - Дата и час на последна промяна на записа
- Контролно поле: 20200806085448.0
008 - Данни с фиксирана дължина – обща информация
- Данни с фиксирана дължина : 200806|| aca||aabn | a|a d
150 ## - ТЕМАТИЧНА ПРЕДМЕТНА РУБРИКА
- Редна дума или Топографско име: Химическа промишленост - Техника на безопасността
942 ## - Системна служебна употреба
- Koha auth type: TOPIC_TERM